Peep Show - Statistics

General Stats
  • This quiz has been taken 24 times
  • The average score is 9 of 15
Answer Stats
Hint Answer % Correct
What year did the 1st series air in the UK? 2003
96%
How many naan is an insane amount? 4
87%
What temperature (Celsius) does Jez want to turn the boiler to in order to trick it into heating up more quickly? 29
83%
Can you trust people? No
83%
Which character is portrayed by Paterson Joseph? Alan Johnson
70%
Who threatens to drink paint during a confrontation in series 8? Big Mad Andy
65%
Where does Hans run to in a state of sobriety-induced hysteria? Windsor
65%
What do people like? Coldplay
61%
Who/what will Super Hans never forgive (if they've wiped the twins)? Orange
61%
Who did people vote for? The Nazis
61%
Which musical act is alleged by Hans to have demanded 'The Ramsgate Blowjob'? Mumford and Sons
52%
How is Mark's surname misspelled on his book; 'Business Secrets of the Pharaohs'? Crorigan
48%
What does Johnson refer to as 'The Three Amigos'? Microsoft Excel, PowerPoint and Word
26%
What was the show's original title before it was changed to Peep Show just before it aired? POV
26%
At the end of the final series, what country does Hans say he's moving to, to set up a moped rental service? Macedonia
22%
No matching quizzes found
Score Distribution
Percent of People with Each Score
Percentile by Number Answered
Your Score History
You have not taken this quiz